Liczby 1-10 we wszystkich językach urzędowych w Europie - Statystyki

Ogólne statystyki
  • Ten quiz został rozwiązany 32 razy
  • Średni wynik to 46 z 370
Statystyki odpowiedzi
Państwa, w których język jest urzędowy Język Liczba Odpowiedź Transkrypcja polska % Poprawnych
polski 4 cztery
100%
polski 2 dwa
100%
Polska polski 1 jeden
100%
polski 5 pięć
100%
polski 3 trzy
100%
polski 10 dziesięć
97%
polski 9 dziewięć
97%
angielski 8 eight
97%
angielski 5 five
97%
angielski 4 four
97%
angielski 9 nine
97%
Irlandia, Malta (Wielka Brytania nie ma oficjalnego języka urzędowego) angielski 1 one
97%
polski 8 osiem
97%
angielski 7 seven
97%
polski 7 siedem
97%
angielski 6 six
97%
polski 6 sześć
97%
angielski 10 ten
97%
angielski 3 three
97%
angielski 2 two
97%
Hiszpania hiszpański 1 uno
88%
niemiecki 8 acht
84%
niemiecki 7 sieben
84%
niemiecki 3 drei
81%
hiszpański 3 tres
81%
niemiecki 2 zwei
81%
hiszpański 2 dos
78%
niemiecki 9 neun
78%
niemiecki 4 vier
78%
niemiecki 5 fünf
75%
niemiecki 10 zehn
75%
Austria, Belgia, Liechtenstein, Luksemburg, Niemcy, Szwajcaria niemiecki 1 eins
72%
niemiecki 6 sechs
72%
San Marino, Szwajcaria, Watykan, Włochy włoski 1 uno
63%
włoski 3 tre
47%
hiszpański 5 cinco
44%
hiszpański 6 seis
44%
hiszpański 4 cuatro
41%
Belgia, Francja, Luksemburg, Monako, Szwajcaria francuski 1 un
38%
rosyjski 2 два dwa
34%
włoski 2 due
34%
hiszpański 8 ocho
34%
hiszpański 10 diez
31%
hiszpański 9 nueve
31%
włoski 6 sei
31%
hiszpański 7 siete
31%
rosyjski 3 три tri
25%
włoski 5 cinque
25%
Białoruś, Rosja rosyjski 1 один adin
22%
ukraiński 2 два dwa
22%
francuski 2 deux
19%
francuski 4 quatre
19%
włoski 4 quattro
19%
francuski 3 trois
19%
rosyjski 6 шесть szesć
16%
ukraiński 3 три try
16%
francuski 5 cinq
16%
czeski 2 dva
16%
włoski 8 otto
16%
rosyjski 9 девять dziewiać
13%
rosyjski 10 десять dziesjać
13%
francuski 10 dix
13%
słowacki 2 dva
13%
francuski 8 huit
13%
Słowacja słowacki 1 jeden
13%
francuski 7 sept
13%
włoski 7 sette
13%
francuski 6 six
13%
czeski 3 tři
13%
słowacki 3 tri
13%
rosyjski 7 семь sjem'
9%
białoruski 2 два dwa
9%
czeski 4 čtyři
9%
słowacki 10 desať
9%
czeski 10 deset
9%
słowacki 9 deväť
9%
czeski 9 devět
9%
włoski 10 dieci
9%
serbsko-chorwacki 2 dva
9%
Czechy czeski 1 jedna
9%
francuski 9 neuf
9%
włoski 9 nove
9%
słowacki 8 osem
9%
czeski 8 osm
9%
słowacki 5 päť
9%
czeski 5 pět
9%
słowacki 7 sedem
9%
czeski 7 sedm
9%
czeski 6 šest
9%
słowacki 6 šesť
9%
rosyjski 4 четыре czetyrie
6%
rosyjski 5 пять piać
6%
rosyjski 8 восемь wosjem'
6%
Ukraina ukraiński 1 один odyn
6%
ukraiński 5 п'ять pijać
6%
ukraiński 7 сім sim
6%
macedoński 2 две dwe
6%
niderlandzki 8 acht
6%
serbsko-chorwacki 4 četiri
6%
serbsko-chorwacki 10 deset
6%
serbsko-chorwacki 9 devet
6%
słoweński 2 dva
6%
Belgia, Holandia niderlandzki 1 een
6%
duński 4 fire
6%
norweski 4 fire
6%
szwedzki 4 fyre
6%
Chorwacja, Czarnogóra, Kosowo, Serbia (Bośnia i Hercegowina nie ma oficjalnego języka urzędowego) serbsko-chorwacki 1 jedan
6%
fiński 2 kaksi
6%
serbsko-chorwacki 8 osam
6%
serbsko-chorwacki 5 pet
6%
serbsko-chorwacki 7 sedam
6%
portugalski 6 seis
6%
serbsko-chorwacki 6 šest
6%
słowacki 4 štyri
6%
szwedzki 3 tre
6%
duński 3 tre
6%
norweski 3 tre
6%
portugalski 3 três
6%
serbsko-chorwacki 3 tri
6%
niderlandzki 2 twee
6%
Watykan łacina 1 unus
6%
niderlandzki 4 vier
6%
Finlandia fiński 1 yksi
6%
ukraiński 4 чотири czotyry
3%
ukraiński 6 шість szisć
3%
ukraiński 8 вісім wis'im
3%
ukraiński 9 дев'ять dewijać
3%
ukraiński 10 десять desjać
3%
Białoruś białoruski 1 адзін adzin
3%
białoruski 3 тры try
3%
białoruski 4 чатыры czatyry
3%
białoruski 5 пяць pjać
3%
białoruski 6 шэсць szesć
3%
białoruski 7 сем siem
3%
białoruski 8 восем wosiem
3%
białoruski 9 дзевяць dziewjać
3%
białoruski 10 дзесяць dziesjać
3%
Bułgaria bułgarski 1 едно edno
3%
bułgarski 2 две dwe
3%
bułgarski 3 три tri
3%
bułgarski 4 четири czetiri
3%
bułgarski 5 пет pet
3%
bułgarski 6 шест szest
3%
bułgarski 7 седем sedem
3%
bułgarski 8 осем osem
3%
bułgarski 9 девет dewet
3%
bułgarski 10 десет deset
3%
Macedonia Północna macedoński 1 еден eden
3%
macedoński 3 три tri
3%
macedoński 4 четири czetiri
3%
macedoński 5 пет pet
3%
macedoński 6 шест szest
3%
macedoński 9 девет dewet
3%
macedoński 10 десет deset
3%
Grecja grecki 1 ένα ena
3%
grecki 2 δύο duo
3%
grecki 4 τέσσερα tessera
3%
grecki 5 πέντε pente
3%
grecki 6 έξι eks'i
3%
grecki 7 επτά epta
3%
grecki 8 οκτώ okto
3%
grecki 9 εννέα ennea
3%
szwedzki 8 åtta
3%
islandzki 8 átta
3%
norweski 8 åtte
3%
portugalski 5 cinco
3%
łacina 10 decem
3%
słoweński 10 deset
3%
słoweński 9 devet
3%
łacina 2 duo
3%
Węgry węgierski 1 egy
3%
Islandia islandzki 1 einn
3%
Dania duński 1 en
3%
Norwegia norweski 1 en
3%
Słowenia słoweński 1 ena
3%
Finlandia, Szwecja szwedzki 1 ett
3%
szwedzki 5 fem
3%
duński 5 fem
3%
norweski 5 fem
3%
islandzki 5 fimm
3%
islandzki 4 fjórir
3%
węgierski 3 három
3%
węgierski 6 hat
3%
węgierski 7 hét
3%
węgierski 9 kilenc
3%
fiński 3 kolme
3%
węgierski 4 négy
3%
duński 9 ni
3%
norweski 9 ni
3%
szwedzki 9 nio
3%
islandzki 9 níu
3%
łacina 9 novem
3%
węgierski 8 nyolc
3%
łacina 8 octo
3%
słoweński 8 osem
3%
węgierski 5 öt
3%
duński 8 otte
3%
słoweński 5 pet
3%
portugalski 4 quatro
3%
łacina 4 quattuor
3%
łacina 5 quinque
3%
słoweński 7 sedem
3%
duński 6 seks
3%
norweski 6 seks
3%
łacina 7 septem
3%
słoweński 6 šest
3%
portugalski 7 sete
3%
łacina 6 sex
3%
szwedzki 6 sex
3%
islandzki 6 sex
3%
islandzki 7 sjö
3%
szwedzki 7 sju
3%
norweski 7 sju
3%
duński 7 syv
3%
islandzki 3 þrír
3%
duński 10 ti
3%
norweski 10 ti
3%
szwedzki 10 tio
3%
islandzki 10 tíu
3%
węgierski 10 tíz
3%
duński 2 to
3%
norweski 2 to
3%
łacina 3 tres
3%
słoweński 3 tri
3%
szwedzki 2 två
3%
islandzki 2 tveir
3%
Portugalia portugalski 1 um
3%
Litwa litewski 1 vienas
3%
macedoński 7 седум sedum
0%
macedoński 8 осум osum
0%
grecki 3 τρία trija
0%
grecki 10 δέκα deka
0%
luksemburski 8 aacht
0%
Irlandia irlandzki 1 aon
0%
łotewski 8 astoņi
0%
litewski 8 aštuoni
0%
farerski 8 átta
0%
irlandzki 4 ceithre
0%
łotewski 4 četri
0%
kataloński 5 cinc
0%
rumuński 5 cinci
0%
monegaski 5 çinqe
0%
irlandzki 5 cúig
0%
irlandzki 10 deich
0%
monegaski 10 dèije
0%
litewski 10 dešimt
0%
łotewski 10 desmit
0%
kataloński 10 deu
0%
łotewski 9 deviņi
0%
litewski 9 devyni
0%
portugalski 10 dez
0%
irlandzki 2 dhá
0%
albański 10 dhjetë
0%
retoromański 10 diesch
0%
maltański 9 disgħa
0%
łotewski 2 divi
0%
rumuński 2 doi
0%
portugalski 2 dois
0%
kataloński 2 dos
0%
luksemburski 3 dräi
0%
niderlandzki 3 drie
0%
litewski 2 du
0%
monegaski 2 dui
0%
retoromański 2 dus
0%
albański 2 dy
0%
Luksemburg luksemburski 1 een
0%
Wyspy Owcze (terytorium zależne Danii) farerski 1 eitt
0%
maltański 4 erbgħa
0%
luksemburski 5 fënnef
0%
farerski 5 fimm
0%
farerski 4 fýra
0%
maltański 10 għaxra
0%
albański 6 gjashtë
0%
maltański 5 ħamsa
0%
Szwajcaria retoromański 1 in
0%
fiński 8 kahdeksan
0%
estoński 8 kaheksa
0%
estoński 2 kaks
0%
albański 4 katër
0%
węgierski 2 kettő
0%
litewski 4 keturi
0%
estoński 3 kolm
0%
estoński 10 kümme
0%
estoński 6 kuus
0%
fiński 6 kuusi
0%
fiński 10 kymmenen
0%
irlandzki 9 naoi
0%
niderlandzki 9 negen
0%
estoński 4 neli
0%
fiński 4 neljä
0%
luksemburski 9 néng
0%
albański 9 nëntë
0%
farerski 9 níggju
0%
Albania, Kosowo albański 1 një
0%
monegaski 9 nœve
0%
kataloński 9 nou
0%
rumuński 9 nouă
0%
retoromański 9 nov
0%
portugalski 9 nove
0%
irlandzki 8 ocht
0%
monegaski 8 œtu
0%
portugalski 8 oito
0%
rumuński 8 opt
0%
retoromański 8 otg
0%
rumuński 4 patru
0%
litewski 5 penki
0%
albański 5 pesë
0%
łotewski 5 pieci
0%
monegaski 4 qatru
0%
kataloński 4 quatre
0%
retoromański 4 quatter
0%
rumuński 7 șapte
0%
rumuński 6 șase
0%
irlandzki 6
0%
irlandzki 7 seacht
0%
maltański 7 sebgħa
0%
luksemburski 6 sechs
0%
monegaski 6 sei
0%
estoński 7 seitse
0%
fiński 7 seitsemän
0%
farerski 6 seks
0%
łotewski 7 septiņi
0%
litewski 7 septyni
0%
litewski 6 šeši
0%
łotewski 6 seši
0%
kataloński 7 set
0%
retoromański 7 set
0%
monegaski 7 sete
0%
albański 7 shtatë
0%
kataloński 6 sis
0%
retoromański 6 sis
0%
maltański 6 sitta
0%
luksemburski 7 siwen
0%
farerski 7 sjey
0%
słoweński 4 štiri
0%
albański 8 tetë
0%
niderlandzki 10 tien
0%
farerski 10 tíggju
0%
maltański 3 tlieta
0%
maltański 8 tmienja
0%
maltański 2 tnejn
0%
retoromański 3 trais
0%
albański 3 tre
0%
rumuński 3 trei
0%
monegaski 3 trei
0%
kataloński 3 tres
0%
irlandzki 3 trí
0%
łotewski 3 trīs
0%
farerski 3 trý
0%
litewski 3 trys
0%
retoromański 5 tschintg
0%
farerski 2 tvey
0%
estoński 9 üheksa
0%
Estonia estoński 1 üks
0%
Andora kataloński 1 un
0%
Monako monegaski 1 ün
0%
Mołdawia, Rumunia rumuński 1 unu
0%
luksemburski 4 véier
0%
Łotwa łotewski 1 viens
0%
estoński 5 viis
0%
fiński 5 viisi
0%
niderlandzki 5 vijf
0%
kataloński 8 vuit
0%
Malta maltański 1 wieħed
0%
fiński 9 yhdeksän
0%
rumuński 10 zece
0%
luksemburski 10 zéng
0%
niderlandzki 6 zes
0%
niderlandzki 7 zevan
0%
luksemburski 2 zwee
0%
Nie znaleziono quizów pasujących do podanych kryteriów
Rozkład punktacji
Procent ludzi z każdym wynikiem
Percentyl według liczby udzielonych odpowiedzi
Twoja historia wyników
Nie rozwiązałeś tego quizu